00538cam a2200169Ia 4500020001500000040000800015082002600023245006600049246004100115260004100156300002000197490005400217500001900271650003000290650002800320700002000348 a1555426905 cYSY a378 JOS 1993 A068 Or.00aImportant lessons from innovative colleges and universities /18aInnovative colleges and universities aSan Francisco :bJossey-Bass,cc1993 a112 p. ;c23 cm1 aThe Jossey-Bass higher and adult education series a"Summer 1993." 0aUniversities and colleges 0aEducational innovations1 aCardozier, V. R